| 000 | 00915nam a2200229 i 4500 | ||
|---|---|---|---|
| 001 | 181608 | ||
| 003 | ES-MaACL | ||
| 005 | 20250824085057.0 | ||
| 008 | 130222s1914 sp |||| | spa d | ||
| 080 | _a821.134.2-83"16" | ||
| 100 | 1 |
_aSuárez de Figueroa, Cristóbal. _9108604 |
|
| 245 | 1 | 3 |
_aEl passagero [sic] / _cpor el Doctor Christoval Suárez de Figueroa ; lo publica la Sociedad de Bibliófilos Españoles ; [con un prólogo por R. Selden Rose]. |
| 260 |
_aMadrid : _bSociedad de Bibliófilos Españoles, _c1914 ( _e[Madrid : _fImp. Bernardo García]) |
||
| 300 |
_aXXXI, 549 p. ; _c24 cm. |
||
| 490 | 1 |
_aSociedad de Bibliófilos Españoles ; _v38 |
|
| 700 | 1 |
_aRose, Robert Selden. _9152348 |
|
| 710 | 2 |
_aSociedad de Bibliófilos Españoles. _96661 |
|
| 740 | 3 | 2 | _aEl pasajero. |
| 830 | 1 | 0 |
_aSociedad de Bibliófilos Españoles _v38 _9187662 |
| 852 | 4 |
_aES-MaACL _jJ-7(38) |
|
| 999 |
_c181608 _d181608 |
||